000 00549cam a2200145 4500500
005 20260208010539.0
041 _afre
042 _adc
100 1 0 _aLarivée, Annie
_eauthor
245 0 0 _aSaïd Binayemotlagh, être et liberté selon Platon, Paris, L’Harmattan, 2002, 291 p., 25 E.
260 _c2005.
500 _a20
786 0 _nRevue philosophique de la France et de l'étranger | 130 | 1 | 2005-03-01 | p. 77z-130z | 0035-3833
856 4 1 _uhttps://shs.cairn.info/revue-philosophique-2005-1-page-77z?lang=fr&redirect-ssocas=7080
999 _c1657065
_d1657064